Econometrics theory and applications with EViews

Salvato in:
Dettagli Bibliografici
Autore principale: Vogelvang, Ben
Natura: Libro
Lingua:inglese
Pubblicazione: Harlow Prentice Hall/Addison Wesley 2005
Soggetti:
Tags: Aggiungi Tag
Nessun Tag, puoi essere il primo ad aggiungerne!!

MARC

LEADER 00000nam$a2200000$$$4500
001 0028782
005 20240312115549.3
020 |a 0-273-68374-8 
041 0 |a eng 
044 |a GB 
245 1 0 |a Econometrics  |b theory and applications with EViews  |c Ben Vogelvang 
264 1 |a Harlow  |b Prentice Hall/Addison Wesley  |c 2005 
300 |a 363 s. 
610 2 0 |a ekonometria 
610 2 0 |a modely ekonometrické 
610 2 0 |a modely stochastické 
610 2 0 |a teória modelov ekonomicko-matematických 
610 2 0 |a modely lineárne 
610 2 0 |a simulácia 
610 2 0 |a modely štruktúrne 
610 2 0 |a rady časové 
610 2 0 |a modely dynamické 
100 1 |a Vogelvang, Ben